| 000 | 01122nam a2200301 a 4500 | ||
|---|---|---|---|
| 005 | 20160209020003.0 | ||
| 008 | 160114t2008 ck a gr|||| 00| 0 spa d | ||
| 020 | _a9789584436719 | ||
| 040 |
_aCO-BoIAVH _cCO-BoIAVH |
||
| 041 | _aspa | ||
| 082 | 4 |
_a333.9522 _bM82p |
|
| 100 | 1 |
_aMorales Jimenez, Alba Lucia _950718 |
|
| 245 | 1 | _aPrograma nacional para la conservación de la especie endémica de Colombia tití gris (Saguinus leucopus) | |
| 260 |
_aBogotá _bCORPOCALDAS _bMinisterio de Ambiente Vivienda y Desarrollo Territorial _bFundación Biodiversa Colombia _bAsociación Colombina de Primatología _c2008 |
||
| 300 |
_a53 paginas.: _bilustraciones; _c28 x 21 cm. |
||
| 650 | 4 |
_aTití Gris _950719 |
|
| 650 | 4 |
_aSaguinus Leucopus _928202 |
|
| 650 | 4 |
_aPoblaciones silvestres _95887 |
|
| 650 | 4 |
_apoblaciones en cautiverio _950720 |
|
| 650 | 4 |
_aAntioquia _950721 |
|
| 650 | 4 |
_aCaldas _935169 |
|
| 650 | 4 |
_aTolima _950722 |
|
| 700 | 1 |
_aVejarano Rivadeneira, Silvia _950723 |
|
| 700 | 1 |
_aRodríguez, Claudia Luz _922047 |
|
| 700 | 1 |
_aOspina Herrera, Oscar _94060 |
|
| 942 |
_cLIBRO _2ddc _01 |
||
| 945 | _d2009-08-13 | ||
| 999 |
_c7046 _d7046 |
||